| 000 | 00371nam a2200133Ia 4500 | ||
|---|---|---|---|
| 008 | 230413s9999||||xx |||||||||||||| ||und|| | ||
| 020 | _a8178081024 | ||
| 082 |
_a005.1 _bA2869 |
||
| 100 | _aAho, Alfred V.; Hopcroft, John E. & Ullman, Jeffrey D | ||
| 245 | 0 | _aData structures and algorithms | |
| 260 |
_aDelhi _bPearson Edu. _c2004 |
||
| 300 | _axi, 427 p. | ||
| 942 | _cBK | ||
| 999 |
_c26227 _d26227 |
||